10 największych miast w Pakistanie - Statystyki

Ogólne statystyki
  • Ten quiz został rozwiązany 61 razy
  • Średni wynik to 4 z 10
Statystyki odpowiedzi
Liczba ludności Miasta % Poprawnych
530 000 Islamabad
100%
9 270 000 Karaczi
86%
5 060 000 Lahaur
51%
1 410 000 Rawalpindi
35%
1 180 000 Multan
33%
1 150 000 Hajdarabad
26%
1 980 000 Fajsalabad
23%
560 000 Kweta
23%
990 000 Peszawar
16%
1 120 000 Gudźranwala
9%
Nie znaleziono quizów pasujących do podanych kryteriów
Rozkład punktacji
Procent ludzi z każdym wynikiem
Percentyl według liczby udzielonych odpowiedzi
Twoja historia wyników
Nie rozwiązałeś tego quizu